Score 0/14 Timer 05:00
1 Play Today
Quote Centaur (C) or Supervillain (S) % Correct
'Mars is bright tonight'???
93.4%
'Have you not read what is to come in the movement of the planets?'???
93.1%
'Students, Magorian, from up at the school!'???
92.1%
'Oh, you think darkness is your ally.'???
90.2%
'What did you call us?'???
88.3%
'Have you no shame? Are you a common mule?'???
86.5%
'Tomorrow you claim what is rightfully yours.'???
83.9%
Quote Centaur (C) or Supervillain (S) % Correct
'You don't fear death... You welcome it.'???
82.5%
'The shadows betray you, because they belong to me!'???
82.3%
'It doesn't matter who we are, what matters is our plan.'???
80.8%
'I learned here that there can be no true despair without hope.'???
73.5%
'For the best! What is that to do with us?'???
69.7%
'You panicked, and your weakness has cost the lives of three others.'???
69.5%
'You'll find your son again, [title character]. But then you could lose him forever.'???
52.9%
Remove Ads.
Support Sporcle.
Get the best of Sporcle when you Go Orange. This ad-free experience offers more features, more stats, and more fun while also helping to support Sporcle. Thank you for becoming a member.

You're not logged in!

Compare scores with friends on all Sporcle quizzes.
OR
Log In

Show Comments

Extras

Top Quizzes Today


Score Distribution

Your Account Isn't Verified!

In order to create a playlist on Sporcle, you need to verify the email address you used during registration. Go to your Sporcle Settings to finish the process.

Report this User

Report this user for behavior that violates our Community Guidelines.

Details: